000 01899nam0a2200313 4500
001 RU\NLR\b_ik\132743
005 20260405060419.0
010 _a5-9274-0156-2
_9200
035 _a(NLR Aleph) 002206083
090 _a3105518
_c3105518
100 _a20050804d2004 |||y0rusy50 ca
101 0 _aeng
102 _aRU
105 _aa |||||||||
200 1 _aAnthropogenic transformation of taiga ecosystems in Europe : environmental, resource and economic implications
_eproceedings of International conference, Petrozavodsk, 23-25 November, 2004
_f[ed.: A.D. Volkov, PhD, A.N. Gromtsev, DSc]
210 _aПетрозаводск
_cКарельский научный центр РАН
_dcop. 2004
215 _a215 с.
_cил.
_d20
300 _aВ надзаг.: Russ. acad. of sciences, Sci. council for forest problems, Forest research inst., Karelian research centre, RAS, Finnish environmental inst., Nordic Council of Ministers
320 _aБиблиогр. в конце докл.
541 0 _aАнтропогенное преобразование экологической системы тайги в Европе: окружающая среда,ресурсы и хозяйственное применение
_zrus
606 1 _aЭкологические системы тайги
_jСъезды, совещания и т.п.
_xВлияние антропических факторов
_yЕвропа
_92375192
_3RU\NLR\AUTH\661417470
686 4 _aП342.935(4)я431(0)
686 4 _aП342.5(4)я431(0)
702 1 _4340
_8rus
_7ba
_aVolkov
_bA. D.
_cканд. с.-х. наук, лесоводство
_f1933-2007
_gAleksandr Dmitrievič
_3RU\NLR\AUTH\7719738
_92809
801 0 _aRU
_bNLR
_c20050804
_gPSBO
942 _cBOOK
980 _aNB